Mastering primary science/ (Record no. 14132)
[ view plain ]
| 000 -LEADER | |
|---|---|
| fixed length control field | 00961nam a2200205 4500 |
| 008 - FIXED-LENGTH DATA ELEMENTS--GENERAL INFORMATION | |
| fixed length control field | 190816b ||||| |||| 00| 0 eng d |
| 020 ## - INTERNATIONAL STANDARD BOOK NUMBER | |
| International Standard Book Number | 978-1-4742-7743-3 |
| 082 ## - DEWEY DECIMAL CLASSIFICATION NUMBER | |
| Edition number | 2018 |
| Classification number | DC 372.35044 |
| Item number | M459 |
| 100 ## - MAIN ENTRY--PERSONAL NAME | |
| Personal name | McCrory, Amanda |
| 9 (RLIN) | 39208 |
| 245 ## - TITLE STATEMENT | |
| Title | Mastering primary science/ |
| Statement of responsibility, etc. | Amanda McCrory; Kenna Worthington |
| 260 ## - PUBLICATION, DISTRIBUTION, ETC. (IMPRINT) | |
| Place of publication, distribution, etc. | London : |
| Name of publisher, distributor, etc. | Bloomsbury Academic, |
| Date of publication, distribution, etc. | ©2018 |
| 300 ## - PHYSICAL DESCRIPTION | |
| Extent | xii, 179 pages : |
| Other physical details | illustrations ; |
| Dimensions | 24 cm |
| 500 ## - GENERAL NOTE | |
| General note | Includes index. |
| 505 ## - FORMATTED CONTENTS NOTE | |
| Formatted contents note | Introduction 1. An Introduction to Primary Science2. Current Developments in Science3. Science as an Irresistible Activity 4. Science as a Practical Activity 5. Skills to Develop in Science6. Children's Ideas - Promoting Curiosity 7. Assessing Children in Science8. Practical Issues Bibliography Index |
| 650 ## - SUBJECT ADDED ENTRY--TOPICAL TERM | |
| Topical term or geographic name as entry element | Science -- Study and teaching (Primary) |
| 9 (RLIN) | 39209 |
| 650 ## - SUBJECT ADDED ENTRY--TOPICAL TERM | |
| Topical term or geographic name as entry element | Education. |
| 9 (RLIN) | 39210 |
| 700 ## - ADDED ENTRY--PERSONAL NAME | |
| Personal name | Worthington, Kenna |
| 9 (RLIN) | 39211 |
| 365 ## - TRADE PRICE | |
| Price amount | 2,214.00 |
| Currency code | Php |
| 942 ## - ADDED ENTRY ELEMENTS (KOHA) | |
| Source of classification or shelving scheme | Dewey Decimal Classification |
| Koha item type | Circulation |
| Withdrawn status | Lost status | Source of classification or shelving scheme | Damaged status | Not for loan | Collection code | Home library | Current library | Shelving location | Date acquired | Source of acquisition | Cost, normal purchase price | Total Checkouts | Full call number | Barcode | Date last seen | Copy number | Price effective from | Koha item type |
|---|---|---|---|---|---|---|---|---|---|---|---|---|---|---|---|---|---|---|
| Dewey Decimal Classification | Circulation | UM Digos College - LIC | UM Digos College - LIC | Book Cart | 08/08/2019 | Purchased | 2214.00 | DC 372.35044 M459 2018 | 25433 | 05/15/2025 | 1 | 08/16/2019 | Circulation |
